Revolutions in time : studies in ancient Egyptian calendrics /

محفوظ في:

مؤلفون آخرون: Spalinger, Anthony John.

التنسيق: كتاب

اللغة: English

منشور في: San Antonio : Van Siclen Books, 1994.

سلاسل: Varia Aegyptiaca. Supplement ; 6.
VA Supplement ; 6.

الموضوعات:

الوسوم: إضافة وسم

لا توجد وسوم, كن أول من يضع وسما على هذه التسجيلة!

رقم الطلب: DT57 .V31 v.6

LEADER 00905cam a2200301 a 4500
001 ocm32748783
003 OSt
005 20260423114413.0
008 950630s1994 txua b 001 0 eng d
010 |a  95213655  
020 |a 0933175361 
020 |a 9780933175365 
040 |c ARCE Library 
043 |a f-ua--- 
050 4 |a DT57 .V31 v.6 
245 0 0 |a Revolutions in time :  |b studies in ancient Egyptian calendrics /  |c Anthony John Spalinger, editor. 
264 1 |a San Antonio :   |b Van Siclen Books,   |c 1994. 
300 |a xvii, 107 pages :  |b illustrations ;  |c 28 cm. 
490 0 |a Varia Aegyptiaca. Supplement ;   |v 6. 
490 0 |a VA Supplement ;   |v 6. 
504 |a Includes bibliographical references and indexes. 
650 0 |a Calendar, Egyptian. 
650 0 |a Calendar. 
650 0 |a Time. 
700 1 |a Spalinger, Anthony John. 
901 |a reviewed 
942 |2 lcc  |c BK 
999 |c 55448  |d 55448